El Gouernador christiano : (Record no. 158802)
[ view plain ]
| 000 -LEADER | |
|---|---|
| campo de control de longitud fija | 01203nam a2200205 i 4500 |
| 001 - NÚMERO DE CONTROL | |
| campo de control | 158802 |
| 003 - IDENTIFICADOR DE NÚMERO DE CONTROL | |
| campo de control | ES-MaACL |
| 005 - FECHA Y HORA DE LA ÚLTIMA TRANSACCIÓN | |
| campo de control | 20250907063121.0 |
| 008 - DATOS DE LONGITUD FIJA--INFORMACIÓN GENERAL | |
| campo de control de longitud fija | 931025s1651 sp |||| | spa d |
| 100 0# - ENTRADA PRINCIPAL--NOMBRE DE PERSONA | |
| Nombre de persona | Márquez, Juan, |
| Fechas asociadas al nombre | 1565-1621 |
| 9 (RLIN) | 77009 |
| 245 13 - MENCIÓN DEL TÍTULO | |
| Título | El Gouernador christiano : |
| Resto del título | deducido de las vidas de Moysen y Iosue, principes del pueblo de Dios / |
| Mención de responsabilidad, etc. | por el maestro Fray Iuan Marquez, de la Orden de San Agustin... ; con cuatro tablas copiosas : la primera de los capitulos, la segunda de las questiones, la tercera de las cosas notables, y la cuarta de los lugares de la escritura. |
| 260 ## - PUBLICACIÓN, DISTRIBUCIÓN, ETC. | |
| Lugar de publicación, distribución, etc. | En Madrid : |
| Nombre del editor, distribuidor, etc. | por Gregorio Rodriguez : |
| -- | a costa de Antonio Ribero..., |
| Fecha de publicación, distribución, etc. | 1651. |
| 300 ## - DESCRIPCIÓN FÍSICA | |
| Extensión | [8], 401, [44] p. ; |
| Dimensiones | Fol. |
| 597 ## - NOTA DE DESCRIPCIÓN FÍSICA | |
| NOTA DE DESCRIPCIÓN FÍSICA | Sign.: [calderón]4, A-Z8, 2A-2E8, 2F2, 2G1. |
| 597 ## - NOTA DE DESCRIPCIÓN FÍSICA | |
| NOTA DE DESCRIPCIÓN FÍSICA | Port. con orla tip., a dos tintas y esc. xil. |
| 650 #7 - PUNTO DE ACCESO ADICIONAL DE MATERIA--TÉRMINO DE MATERIA | |
| Término de materia o nombre geográfico como elemento de entrada | Educación de príncipes |
| Fuente del encabezamiento o término | embne |
| 9 (RLIN) | 12100 |
| 650 #4 - PUNTO DE ACCESO ADICIONAL DE MATERIA--TÉRMINO DE MATERIA | |
| Término de materia o nombre geográfico como elemento de entrada | Ética política- |
| Subdivisión geográfica | España. |
| 9 (RLIN) | 151908 |
| 852 ## - LOCALIZACIÓN | |
| Ubicación | ES-MaACL |
| Número de control de estantería | R-1111 |
| Nota libre | - Enc. piel azul marino grabada, con hierros dorados, en caja rígida |
| -- | - Ex-libris ms.: "Este tomo es de Fr. Man. Pérez, hijo del Monasterio de la Regina?" |
| Encuadernación | Olim:G-1650 |
| Estatus retirado | Estado de pérdida | Estado de daño | No para préstamo | Colección | Biblioteca de origen | Biblioteca actual | Ubicación en estantería | Fecha de adquisición | Fuente de adquisición | Total de préstamos | Signatura topográfica completa | Código de barras | Visto por última vez | Precio de reemplazo | Tipo de ítem Koha |
|---|---|---|---|---|---|---|---|---|---|---|---|---|---|---|---|
| Libros del s. XVII | Biblioteca del Ateneo de Madrid | Biblioteca del Ateneo de Madrid | Depósito | 17/01/2008 | R-1111 | 1166216 | 23/02/2023 | 23/02/2023 | Libro impreso antiguo |
